[Event "FIDE World Rapid Team"]
[Site "London ENG"]
[Date "2025.06.12"]
[Round "8.4"]
[White "Zakarian, Dimitrios Levon"]
[Black "Tsaknakis, Zisis"]
[Result "0-1"]
[BlackTitle "FM"]
[WhiteElo "2079"]
[BlackElo "2333"]
[WhiteTeam "ANI"]
[BlackTeam "Chess Rising Stars"]
[WhiteFideId "453080"]
[BlackFideId "4259963"]
[EventDate "2025.06.11"]
[EventType "team"]

1. d4 Nf6 2. c4 g6 3. h4 h5 4. Nc3 Bg7 5. e4 d6 6. Bg5 Nh7 7. Be3 Nc6 8. d5 Ne5
9. f3 c5 10. Be2 Nf6 11. Qd2 a6 12. Nh3 Bxh3 13. Rxh3 Qa5 14. Qc2 O-O 15. Kf2
Rab8 16. Bd2 Qc7 17. Rg1 Qd7 18. a4 e6 19. Rhh1 exd5 20. exd5 Rfe8 21. Bg5 b5
22. axb5 axb5 23. Nxb5 Nxd5 24. cxd5 Rxb5 25. Bxb5 Qxb5 26. Rd1 c4 27. Kg3 Nd3
28. b3 Qxd5 29. bxc4 Qe5+ 30. Kh3 Nf4+ 31. Bxf4 Qxf4 32. Qd2 Qf5+ 33. Kh2 Be5+
34. Kg1 Bf4 35. Qd5 Re5 36. Qd3 Qxd3 37. Rxd3 Re1+ 38. Kf2 Rxh1 39. g3 Rh2+ 40.
Kg1 Bxg3 41. Rd5 Rxh4 42. c5 dxc5 43. Rxc5 Bf4 0-1

[Event "FIDE World Rapid Team"]
[Site "London ENG"]
[Date "2025.06.12"]
[Round "8.5"]
[White "Bird, Joel"]
[Black "Grigoryan, Meri"]
[Result "1/2-1/2"]
[BlackTitle "WFM"]
[WhiteElo "1987"]
[BlackElo "1980"]
[WhiteTeam "Chess Rising Stars"]
[BlackTeam "ANI"]
[WhiteFideId "429252"]
[BlackFideId "13300571"]
[EventDate "2025.06.11"]
[EventType "team"]

1. e4 c5 2. Nf3 d6 3. d4 cxd4 4. Nxd4 Nf6 5. Nc3 a6 6. f3 e6 7. Be3 Be7 8. Qd2
Qc7 9. g4 h6 10. O-O-O Nc6 11. Rg1 b5 12. Nxc6 Qxc6 13. g5 hxg5 14. Bxg5 Bb7 15.
h4 Rc8 16. Bd3 b4 17. Ne2 Qa4 18. Kb1 Rg8 19. Nd4 Rc5 20. Nb3 Rc8 21. Qe3 Qc6
22. Na5 Qc7 23. Qa7 Qxa5 24. Qxb7 Qc5 25. Qxa6 Nd7 26. Qb5 Qxb5 27. Bxb5 f6 28.
Bf4 Rb8 29. Ba4 e5 30. Be3 g5 31. hxg5 fxg5 32. Rg2 Kd8 33. Bxd7 Kxd7 34. Rdg1
Rbf8 35. Rg3 Rh8 36. b3 Rh2 37. R1g2 Rxg2 38. Rxg2 Rxf3 39. Bxg5 Bxg5 40. Rxg5
Rf4 41. a4 bxa3 42. Ka2 Rf2 43. Kxa3 Rxc2 44. Kb4 Kc6 45. Rg8 Kd7 46. Kb5 Rc5+
47. Kb4 Rc2 48. Kb5 Re2 49. Rg4 Rf2 50. Rg7+ Ke6 51. Rg6+ Ke7 52. Kc4 Rd2 53.
Rg4 Rd4+ 54. Kc3 d5 55. b4 dxe4 56. b5 Kd6 57. b6 Kc5 58. b7 Rc4+ 59. Kd2 Rb4
60. Rg7 Rb3 61. Ke2 Kc6 62. Re7 Kd6 63. Rh7 Kc6 64. Re7 Rxb7 65. Rxb7 Kxb7 66.
Ke3 Kc7 67. Kxe4 Kd6 68. Ke3 Kd5 69. Kd3 e4+ 70. Ke3 Ke5 71. Ke2 Kf4 72. Kf2 e3+
73. Ke2 Ke4 74. Ke1 Kf3 75. Kf1 e2+ 76. Ke1 Ke3 1/2-1/2

[Event "FIDE World Rapid Team"]
[Site "London ENG"]
[Date "2025.06.12"]
[Round "8.6"]
[White "Mesropyan, Hayk"]
[Black "Mihailidou, Magdalini"]
[Result "1-0"]
[WhiteElo "1866"]
[BlackElo "1922"]
[WhiteTeam "ANI"]
[BlackTeam "Chess Rising Stars"]
[WhiteFideId "499455"]
[BlackFideId "25801236"]
[EventDate "2025.06.11"]
[EventType "team"]

1. e4 e5 2. Nf3 Nc6 3. Bb5 a6 4. Ba4 Nge7 5. O-O g6 6. c3 Bg7 7. Re1 O-O 8. d4
exd4 9. cxd4 b5 10. Bb3 d6 11. h3 Na5 12. Bg5 h6 13. Bh4 g5 14. Bg3 Nxb3 15.
Qxb3 Ng6 16. Nbd2 c5 17. Qd5 Be6 18. Qxd6 cxd4 19. a4 Re8 20. Qb4 Qd7 21. e5 Bf8
22. Qxd4 Qb7 23. Ne4 Red8 24. Qe3 Bg7 25. Nd6 Qe7 26. axb5 axb5 27. Nxb5 Qb7 28.
Rxa8 Rxa8 29. Nbd4 Qxb2 30. Nxe6 fxe6 31. Qe4 Ra1 32. Qxg6 Rxe1+ 33. Nxe1 Qc1
34. Qxe6+ Kh8 35. Kf1 Qb1 36. Qc8+ Kh7 37. Qc2+ Qxc2 38. Nxc2 Kg6 39. Nd4 Bf8
40. Ke2 Bc5 41. Kd3 Kf7 42. Ke4 Bb6 43. f4 gxf4 44. e6+ Ke7 45. Bh4+ Ke8 46. Nf5
Bc5 47. Kd5 Bb4 48. Nd6+ Bxd6 49. Kxd6 h5 50. e7 Kf7 51. Kd7 1-0

[Event "FIDE World Rapid Team"]
[Site "London ENG"]
[Date "2025.06.12"]
[Round "8.1"]
[White "Tan, Justin2"]
[Black "Kogan, Arthur"]
[Result "1-0"]
[WhiteTitle "GM"]
[BlackTitle "GM"]
[WhiteElo "2512"]
[BlackElo "2475"]
[WhiteTeam "Wood Green Youth"]
[BlackTeam "OlalaStars"]
[WhiteFideId "3206882"]
[BlackFideId "2800802"]
[EventDate "2025.06.11"]
[EventType "team"]

1. d4 d5 2. c4 dxc4 3. Nf3 Nf6 4. e3 Bg4 5. Bxc4 e6 6. h3 Bh5 7. O-O Nbd7 8. Nc3
Bb4 9. Be2 O-O 10. Qb3 c5 11. dxc5 Qa5 12. c6 bxc6 13. Bd2 Rab8 14. Rfc1 Be7 15.
Qc2 Bg6 16. Qd1 Rfd8 17. Nd4 Rdc8 18. Be1 Ne5 19. f4 Ned7 20. Bf3 Qa6 21. Qa4
Rb6 22. Qxa6 Rxa6 23. Be2 Rb6 24. Na4 c5 25. Nxb6 axb6 26. Ba6 Ra8 27. Bb7 Re8
28. Nb5 Be4 29. Bxe4 Nxe4 30. Rc4 Ndf6 31. Rd1 h5 32. g4 hxg4 33. hxg4 g5 34.
Kg2 Ra8 35. a3 1-0

[Event "FIDE World Rapid Team"]
[Site "London ENG"]
[Date "2025.06.12"]
[Round "8.2"]
[White "Krivenko, Dion"]
[Black "Balaji, Aaravamudhan"]
[Result "0-1"]
[WhiteTitle "FM"]
[BlackTitle "IM"]
[WhiteElo "2243"]
[BlackElo "2346"]
[WhiteTeam "OlalaStars"]
[BlackTeam "Wood Green Youth"]
[WhiteFideId "4508378"]
[BlackFideId "436224"]
[EventDate "2025.06.11"]
[EventType "team"]

1. Nc3 d5 2. d4 Nf6 3. Bg5 g6 4. Bxf6 exf6 5. g3 c6 6. h4 h5 7. Bh3 Bd6 8. e3
Bxh3 9. Nxh3 Qb6 10. Qd3 Na6 11. a3 Nc7 12. e4 dxe4 13. Qxe4+ Kf8 14. O-O-O Kg7
15. g4 hxg4 16. Qxg4 Qa5 17. Nf4 Bxf4+ 18. Qxf4 Ne6 19. Qf3 Qh5 20. Qe3 Qh6 21.
Ne2 Rae8 22. Kb1 Qxe3 23. fxe3 Nc7 24. Rh3 Nd5 25. Rd3 Re4 26. c4 Ne7 27. Nf4
Nf5 28. h5 g5 29. Ng2 Rg4 30. Rd2 Ng3 31. d5 Ne4 32. Rd4 c5 33. Rxe4 Rxe4 34.
Kc2 Rxc4+ 35. Kd3 Rg4 36. Ne1 Rh4 37. Rg3 c4+ 38. Kc3 R8xh5 39. Ng2 Re4 40. Nf4
Rh8 41. Ne2 Rd8 42. Kb4 c3+ 43. Kxc3 Rxd5 44. Nd4 Kg6 45. Kc4 Rd8 46. Kd3 f5 47.
Rg1 Rg4 48. Rc1 f4 49. Rc7 fxe3 0-1

[Event "FIDE World Rapid Team"]
[Site "London ENG"]
[Date "2025.06.12"]
[Round "8.3"]
[White "Waldhausen Gordon, Frederick"]
[Black "Sason, Noam"]
[Result "1-0"]
[WhiteTitle "FM"]
[WhiteElo "2395"]
[BlackElo "2153"]
[WhiteTeam "Wood Green Youth"]
[BlackTeam "OlalaStars"]
[WhiteFideId "2409143"]
[BlackFideId "371282346"]
[EventDate "2025.06.11"]
[EventType "team"]

1. Nf3 Nf6 2. g3 g6 3. Bg2 Bg7 4. O-O O-O 5. c4 c6 6. d4 d5 7. b3 a5 8. Nc3 Ne4
9. Bb2 Nxc3 10. Bxc3 b5 11. cxb5 cxb5 12. Ne5 b4 13. Bd2 Ba6 14. Bf4 Bb5 15. Rc1
e6 16. Rc5 Qb6 17. Qd2 Na6 18. Rc2 Rfc8 19. Rfc1 Qb7 20. e4 Rd8 21. exd5 exd5
22. h4 h5 23. Bh3 a4 24. Bh6 Qb6 25. Re1 Re8 26. Bf4 Rad8 27. Kg2 axb3 28. axb3
Qa5 29. Re3 Qb6 30. Rc1 Qa7 31. g4 hxg4 32. Bxg4 Bf6 33. h5 g5 34. Bh2 Bg7 35.
Bf5 Bh6 36. Ng4 Bg7 37. Ne5 Bh6 38. Rg3 Kh8 39. Ng4 Qb6 40. Nxh6 Qxh6 41. Qxg5
Qxg5 42. Rxg5 f6 43. Rg6 Rg8 44. Kf3 Rde8 45. Rh6+ Kg7 46. Rh7+ Kf8 47. Bd6+ 1-0

[Event "FIDE World Rapid Team"]
[Site "London ENG"]
[Date "2025.06.12"]
[Round "8.4"]
[White "Blokhin, Sofia"]
[Black "O'Donnell, Conor"]
[Result "1-0"]
[WhiteTitle "WFM"]
[BlackTitle "FM"]
[WhiteElo "2057"]
[BlackElo "2301"]
[WhiteTeam "OlalaStars"]
[BlackTeam "Wood Green Youth"]
[WhiteFideId "4508190"]
[BlackFideId "2504243"]
[EventDate "2025.06.11"]
[EventType "team"]

1. d4 d5 2. c4 e6 3. Nc3 Nf6 4. Nf3 c5 5. e3 cxd4 6. exd4 Bb4 7. a3 Bxc3+ 8.
bxc3 O-O 9. Bd3 dxc4 10. Bxc4 Qc7 11. Qd3 b6 12. O-O Nbd7 13. Bg5 Bb7 14. Nd2
Rac8 15. Rac1 h6 16. Bh4 Nh5 17. Bg3 Qc6 18. f3 Nxg3 19. hxg3 Rfd8 20. Ba2 Qd6
21. Bb1 Qxg3 22. Ne4 Bxe4 23. fxe4 Qxd3 24. Bxd3 Rc7 25. Rf3 e5 26. d5 Nc5 27.
Bc2 Nb7 28. Bd3 Nc5 29. Bc2 Kf8 30. c4 Nb7 31. Bd3 f6 32. Rf2 Rdc8 33. Rb2 Rc5
34. Rb4 Nd6 35. a4 Ke7 36. Kf2 Nb7 37. Ke3 R5c7 38. Be2 Na5 39. Kd3 Kd6 40. Bg4
Rf8 41. Be6 Nb7 42. Ke3 g6 43. Rh1 Rh8 44. Bg4 h5 45. Be2 h4 46. Rbb1 Na5 47.
Rb4 f5 48. exf5 gxf5 49. g3 h3 50. Rh2 Rg7 51. Kf3 Rg4 52. Bf1 Rd4 53. Ke3 Kc5
54. Rb5+ Kd6 55. c5+ Kc7 56. d6+ Kd8 57. Bxh3 Rg8 58. Bxf5 Rxg3+ 59. Ke2 Rg8 60.
cxb6 axb6 61. Rxb6 Rc4 62. Rb8+ 1-0

[Event "FIDE World Rapid Team"]
[Site "London ENG"]
[Date "2025.06.12"]
[Round "8.5"]
[White "Jaufarally, Nadia"]
[Black "Agafonov, Yuri Dr"]
[Result "0-1"]
[WhiteElo "1944"]
[BlackElo "2096"]
[WhiteTeam "Wood Green Youth"]
[BlackTeam "OlalaStars"]
[WhiteFideId "443727"]
[BlackFideId "11602104"]
[EventDate "2025.06.11"]
[EventType "team"]

1. e4 Nf6 2. e5 Nd5 3. d4 d6 4. Nf3 dxe5 5. Nxe5 c6 6. c4 Nf6 7. Nc3 Nbd7 8.
Nxd7 Bxd7 9. Be2 Bf5 10. O-O e6 11. Bf4 Be7 12. Qd2 O-O 13. Rfd1 Bb4 14. a3 Ne4
15. Qc1 Bxc3 16. bxc3 Qa5 17. Rd3 Rfd8 18. Rb1 Nxc3 19. Rxc3 Bxb1 20. Rb3 Bg6
21. Be3 Qc7 22. h4 f6 23. h5 Bf7 24. Qb1 b6 25. Bd3 h6 26. Be2 e5 27. Qc1 Kf8
28. dxe5 Qxe5 29. Bf3 Bxh5 30. Bxh6 Bxf3 31. Rxf3 Qd4 32. Bxg7+ Kxg7 33. Rg3+
Kf7 34. Qh6 Qd1+ 0-1

[Event "FIDE World Rapid Team"]
[Site "London ENG"]
[Date "2025.06.12"]
[Round "8.6"]
[White "Kiritshenko, Platon"]
[Black "Camp, Imogen A L"]
[Result "0-1"]
[BlackTitle "WCM"]
[WhiteElo "1587"]
[BlackElo "1915"]
[WhiteTeam "OlalaStars"]
[BlackTeam "Wood Green Youth"]
[WhiteFideId "4522010"]
[BlackFideId "1802240"]
[EventDate "2025.06.11"]
[EventType "team"]

1. e4 e5 2. Nf3 Nc6 3. d4 exd4 4. Nxd4 Nf6 5. Nc3 Bb4 6. f3 O-O 7. Be3 d5 8. Bd3
Nxd4 9. Bxd4 dxe4 10. Bxe4 Nxe4 11. fxe4 Qh4+ 12. Kf1 Bxc3 13. Bxc3 Qxe4 14. Qe2
Qxe2+ 15. Kxe2 Bg4+ 16. Kf2 Rad8 17. h3 Bf5 18. Rac1 Rd5 19. Rhe1 Be6 20. a3
Rfd8 21. Ke3 c5 22. Ke2 f6 23. Kf2 Kf7 24. Ke2 Bf5 25. Kf2 h5 26. b4 b6 27. Kf1
R8d7 28. Kf2 cxb4 29. axb4 a5 30. bxa5 bxa5 31. Ra1 Ra7 32. Rec1 a4 33. Ra3 Ra6
34. Ke3 Re6+ 35. Kf2 Rc6 36. Ke3 Rdc5 37. Kd2 Rc4 38. Rb1 Rd6+ 39. Kc1 Be4 40.
g3 g5 41. Rb4 Rdc6 42. Rxc4 Rxc4 43. Kd2 Bg2 44. Kd3 Re4 45. Bd4 f5 46. Rxa4
Bf1+ 47. Kc3 Bxh3 48. Ra7+ Ke6 49. Ra6+ Kd5 50. Ra5+ Kc6 51. Ra6+ Kb5 52. Rg6
Rg4 53. Bf2 f4 54. gxf4 gxf4 55. Rxg4 hxg4 56. Kd2 Kc4 57. c3 g3 58. Bg1 Bg4 59.
Ke1 Kxc3 60. Kf1 f3 61. Bb6 Bh3+ 62. Ke1 Kd3 63. Bg1 Ke4 64. Bb6 Kf5 65. Be3 Kg4
66. Bg1 Kf4 67. Bc5 Bf5 68. Bg1 Kg4 69. Be3 Kh3 70. Kf1 Kh2 71. Bf4 Bd3+ 0-1

[Event "FIDE World Rapid Team"]
[Site "London ENG"]
[Date "2025.06.12"]
[Round "8.1"]
[White "Gallana, Marco"]
[Black "Atlas, Valery"]
[Result "0-1"]
[BlackTitle "IM"]
[WhiteElo "2215"]
[BlackElo "2401"]
[WhiteTeam "Hammersmith Chess Club"]
[BlackTeam "Perfect"]
[WhiteFideId "824542"]
[BlackFideId "12000035"]
[EventDate "2025.06.11"]
[EventType "team"]

1. Nf3 Nf6 2. c4 b6 3. g3 Bb7 4. Bg2 e6 5. O-O g6 6. Nc3 Bg7 7. d4 Ne4 8. Qc2
Nxc3 9. bxc3 O-O 10. e4 Nc6 11. Re1 Na5 12. c5 bxc5 13. Qa4 Nc6 14. Rb1 Qc8 15.
d5 Nd8 16. c4 e5 17. Bh3 c6 18. Be3 Qc7 19. Bxc5 d6 20. Bb4 a5 21. Bd2 f5 22.
exf5 gxf5 23. Nh4 Bc8 24. Be3 c5 25. Bd2 Qf7 26. f4 e4 27. Rb6 Qc7 28. Rbb1 Bd7
29. Qc2 a4 30. Bc3 Bd4+ 31. Kh1 Bc8 32. Ng2 Qg7 33. Bd2 Nf7 34. Ne3 Nh6 35. Rb6
Rd8 36. Reb1 Bxe3 37. Bxe3 Ng4 38. Bc1 Qd4 39. Bxg4 fxg4 40. Bb2 Qd3 41. Qc3
Qxc3 42. Bxc3 Kf7 43. Kg1 a3 44. Kf2 Ra4 45. Ke3 Rxc4 46. R1b3 Ra4 47. Rb8 Ke7
48. f5 Bxf5 49. Bf6+ Kxf6 50. Rxd8 Ke5 51. Rb6 Rc4 52. Re8+ Kxd5 53. Rd8 Rc3+
54. Ke2 Rc2+ 55. Ke3 Rxa2 56. Rbxd6+ Kc4 57. Rf8 Bg6 58. Rc6 Rc2 59. Rxc5+ Kxc5
60. Rc8+ Kb4 61. Rxc2 Kb3 62. Rc7 a2 63. Rb7+ Kc3 64. Rc7+ Kb4 65. Ra7 Bf7 66.
Kxe4 Bb3 67. Rxa2 Bxa2 68. Kf5 h5 69. Kg6 Kc3 70. Kxh5 Be6 71. Kg5 Kd2 0-1

[Event "FIDE World Rapid Team"]
[Site "London ENG"]
[Date "2025.06.12"]
[Round "8.2"]
[White "Zlotnik, Boris A"]
[Black "Stewart, Ashley"]
[Result "0-1"]
[WhiteTitle "IM"]
[WhiteElo "2433"]
[BlackElo "2093"]
[WhiteTeam "Perfect"]
[BlackTeam "Hammersmith Chess Club"]
[WhiteFideId "4101413"]
[BlackFideId "419001"]
[EventDate "2025.06.11"]
[EventType "team"]

1. d4 Nf6 2. c4 g6 3. Nc3 Bg7 4. e4 d6 5. Nf3 O-O 6. Be2 e5 7. d5 a5 8. O-O Na6
9. Qc2 Nc5 10. Bg5 h6 11. Be3 Ne8 12. Nd2 f5 13. exf5 Bxf5 14. Nde4 Nxe4 15.
Nxe4 Nf6 16. Bd3 Nxe4 17. Bxe4 b6 18. f3 Kh7 19. g4 Bxe4 20. Qxe4 Bf6 21. Rae1
Bh4 22. Re2 Qd7 23. Qd3 Rae8 24. Bd2 Rf7 25. Re4 Ref8 26. Kg2 Qd8 27. h3 Bg5 28.
Be1 Bh4 29. Bc3 Bg5 30. b3 Bf4 31. Be1 Kg7 32. h4 Qd7 33. Re2 h5 34. g5 Qf5 35.
Re4 Kh7 36. a3 Qd7 37. b4 axb4 38. axb4 Ra8 39. Re2 Rff8 40. Rb2 Kg7 41. Bf2 Rf5
42. Rh1 Bxg5 43. hxg5 Rxg5+ 44. Bg3 Qf7 45. Qe4 Qf4 46. Rh3 h4 47. Qxf4 exf4 48.
Rxh4 Rxg3+ 49. Kf2 g5 50. Rh1 Ra3 51. c5 Raxf3+ 52. Ke2 Re3+ 53. Kf1 Rb3 54.
Rxb3 Rxb3 55. cxd6 cxd6 56. Ke2 Rxb4 57. Kf3 Kg6 58. Re1 Rb3+ 59. Kf2 Rb2+ 60.
Kf1 Kf5 61. Re6 g4 62. Rxd6 g3 63. Rd8 Ke4 64. d6 g2+ 65. Kg1 Kf3 0-1

[Event "FIDE World Rapid Team"]
[Site "London ENG"]
[Date "2025.06.12"]
[Round "8.3"]
[White "Hanache, Kai"]
[Black "Arakhamia-Grant, Ketevan"]
[Result "1/2-1/2"]
[BlackTitle "GM"]
[WhiteElo "2149"]
[BlackElo "2269"]
[WhiteTeam "Hammersmith Chess Club"]
[BlackTeam "Perfect"]
[WhiteFideId "490105"]
[BlackFideId "13600168"]
[EventDate "2025.06.11"]
[EventType "team"]

1. e4 c5 2. Nf3 e6 3. d4 cxd4 4. Nxd4 Nc6 5. Nb5 d6 6. c4 Nf6 7. N5c3 Be7 8. b3
b6 9. Bb2 Bb7 10. Be2 a6 11. O-O O-O 12. Na3 Nb8 13. Qd4 Nbd7 14. Kh1 Nc5 15. f3
e5 16. Qe3 Nh5 17. g3 Qd7 18. b4 Nxg3+ 19. hxg3 Qh3+ 20. Kg1 Qxg3+ 21. Kh1 Qh3+
22. Kg1 f5 23. Qf2 fxe4 24. Qg2 Qxg2+ 25. Kxg2 exf3+ 26. Bxf3 Rxf3 27. Rxf3 Nd3
28. Nd5 Bxd5 29. cxd5 Nxb2 30. Rb1 Na4 31. Rc1 e4 32. Rg3 Bf6 33. Re1 Nc3 34.
Rge3 b5 35. Nb1 Nxd5 36. Rxe4 Kf7 37. Rd1 Nb6 38. Rxd6 Nc4 39. Rd7+ Kg6 40. Re6
a5 41. bxa5 Rxa5 42. Re2 b4 43. Rb7 Ra4 44. Kf3 Kf5 45. Rb5+ Ne5+ 46. Kg3 h5 47.
Rb2 h4+ 48. Kh3 g5 49. Rf2+ Kg6 50. Rb6 g4+ 51. Kg2 Nf3 52. Nd2 h3+ 53. Kg3 Kg7
54. Nxf3 gxf3 55. Rxf3 Be5+ 56. Kxh3 Rxa2 57. Rxb4 Rc2 58. Rg4+ Kh6 59. Rg1 Rc3
60. Kg4 Rxf3 61. Kxf3 Bf6 62. Kf4 Bd4 63. Rg2 Bc3 64. Kf5 Bd4 65. Rg6+ Kh7 66.
Rd6 Bb2 67. Rd2 Bc3 68. Rg2 Bd4 69. Ke6 Kh6 70. Rg8 Bc3 71. Kf7 Kh5 72. Rg6 Bd4
73. Rg2 Bc3 74. Ke6 Bd4 75. Rd2 Bc3 76. Rd6 Kg5 77. Kd5 Kf4 78. Rc6 Bb2 79. Rc2
Ba1 80. Ra2 Bc3 81. Ra8 Bb2 82. Rb8 Bc3 83. Rb3 Ba1 84. Rb1 Bc3 85. Rf1+ Ke3 86.
Kc4 Bg7 87. Rf7 Bb2 88. Kd5 Bc3 89. Kc4 Bb2 90. Re7+ Kf4 91. Kd5 Bc3 92. Re4+
Kf3 93. Rh4 Bg7 94. Kc4 Be5 95. Kd3 Bb2 96. Rb4 Be5 97. Rb5 Kf4 98. Ra5 Bf6 99.
Kc4 Ke4 100. Ra6 Bb2 101. Ra2 Bg7 102. Re2+ Kf4 103. Rg2 Ba1 104. Kd5 Bc3 105.
Kc4 Ba1 106. Re2 Bg7 107. Kd3 Kf5 108. Rf2+ Ke6 109. Ke4 Bf6 110. Ra2 Bc3 111.
Ra6+ Kf7 112. Kf5 Ke7 113. Rc6 Bb2 114. Rc2 Ba1 115. Rc1 Bb2 116. Re1+ Kd6 117.
Re2 Bc3 118. Re6+ Kd5 119. Re8 Bb2 120. Rd8+ Kc4 121. Ke4 Kc5 122. Ra8 Bg7 123.
Ra7 Bb2 1/2-1/2

[Event "FIDE World Rapid Team"]
[Site "London ENG"]
[Date "2025.06.12"]
[Round "8.4"]
[White "Gluhovsky, Mark"]
[Black "Franco, Gaston"]
[Result "1-0"]
[WhiteElo "2224"]
[BlackElo "2088"]
[WhiteTeam "Perfect"]
[BlackTeam "Hammersmith Chess Club"]
[WhiteFideId "24165514"]
[BlackFideId "117722"]
[EventDate "2025.06.11"]
[EventType "team"]

1. e4 c5 2. Nf3 Nc6 3. Bb5 Nf6 4. e5 Nd5 5. O-O g6 6. Nc3 Nc7 7. Bxc6 dxc6 8.
Ne4 Ne6 9. d3 Bg7 10. Re1 O-O 11. Be3 b6 12. Qd2 Nd4 13. Nxd4 cxd4 14. Bh6 Qd5
15. Bxg7 Kxg7 16. Qf4 Bf5 17. Ng3 Be6 18. Re2 c5 19. b3 b5 20. a4 a6 21. h4 c4
22. bxc4 bxc4 23. Re4 Rad8 24. h5 h6 25. Rb1 cxd3 26. cxd3 Qa2 27. Rb7 Qa3 28.
Ra7 Rd5 29. Kh2 Rfd8 30. Rxa6 Qxd3 31. hxg6 Qxa6 32. Nh5+ Kxg6 33. Qg3+ Kf5 34.
Rf4+ Kxe5 35. Rxf7+ Ke4 36. Qf3+ Ke5 37. Qf4# 1-0

[Event "FIDE World Rapid Team"]
[Site "London ENG"]
[Date "2025.06.12"]
[Round "8.5"]
[White "Aryaman Ganguly"]
[Black "Atlas, Dmitry"]
[Result "1/2-1/2"]
[BlackTitle "FM"]
[WhiteElo "1826"]
[BlackElo "2107"]
[WhiteTeam "Hammersmith Chess Club"]
[BlackTeam "Perfect"]
[WhiteFideId "25981226"]
[BlackFideId "12000051"]
[EventDate "2025.06.11"]
[EventType "team"]

1. e4 e6 2. d4 d5 3. e5 c5 4. c3 Nc6 5. Nf3 Bd7 6. a3 c4 7. Nbd2 Nge7 8. b4 b5
9. Be2 Ng6 10. Bb2 a5 11. O-O Nf4 12. g3 Nxe2+ 13. Qxe2 Be7 14. Ne1 O-O 15. Nc2
f6 16. exf6 Bxf6 17. f4 Rc8 18. Nf3 Qb6 19. Kg2 g6 20. Rfd1 Bg7 21. Ne3 Rce8 22.
Ng4 Re7 23. Kh1 a4 24. Qg2 Rf5 25. Ne3 Rf8 26. Ng4 Rf5 27. Ne3 Rf8 28. Ng4 Rf5 1/2-1/2

[Event "FIDE World Rapid Team"]
[Site "London ENG"]
[Date "2025.06.12"]
[Round "8.6"]
[White "Mindru, Valeriu"]
[Black "Cepoi, Gesneria-Codruta"]
[Result "1/2-1/2"]
[WhiteElo "1874"]
[BlackElo "1598"]
[WhiteTeam "Perfect"]
[BlackTeam "Hammersmith Chess Club"]
[WhiteFideId "13905775"]
[BlackFideId "1285297"]
[EventDate "2025.06.11"]
[EventType "team"]

1. d4 d5 2. Nf3 e6 3. e3 Be7 4. Bd3 Nf6 5. Nbd2 O-O 6. b3 b6 7. Bb2 Bb7 8. O-O
c5 9. Ne5 Nc6 10. a3 a6 11. c4 Rb8 12. Rc1 Re8 13. f4 a5 14. Ndf3 Ne4 15. cxd5
exd5 16. Bb5 Qd6 17. Qe2 f6 18. Nd3 Bf8 19. Rfd1 Red8 20. Nf2 Qe6 21. Nxe4 Qxe4
22. Qd3 1/2-1/2

[Event "FIDE World Rapid Team"]
[Site "London ENG"]
[Date "2025.06.12"]
[Round "8.1"]
[White "Dishman, Stephen"]
[Black "Orozbaev, Eldiyar"]
[Result "0-1"]
[WhiteTitle "FM"]
[BlackTitle "IM"]
[WhiteElo "2274"]
[BlackElo "2367"]
[WhiteTeam "Sassy Seniors"]
[BlackTeam "Noval Group Kyrgyzstan"]
[WhiteFideId "403024"]
[BlackFideId "13802240"]
[EventDate "2025.06.11"]
[EventType "team"]

1. d4 d5 2. Nf3 Nf6 3. c3 c5 4. dxc5 Nc6 5. e3 e5 6. b4 Bg4 7. Be2 Bxf3 8. Bxf3
e4 9. Be2 a5 10. Bb5 Be7 11. O-O O-O 12. Bxc6 bxc6 13. Nd2 Nd7 14. Nb3 Ne5 15.
Nd4 Qd7 16. a4 Nd3 17. Ba3 f5 18. f4 Rfb8 19. Rb1 Bf6 20. bxa5 Bxd4 21. cxd4 Qa7
22. Qd2 Rxb1 23. Rxb1 Qxa5 24. Qxa5 Rxa5 25. h3 Rxa4 26. Rb3 h5 27. Kh2 h4 28.
g3 hxg3+ 29. Kxg3 Kh7 30. Kh4 Kh6 31. Rc3 g6 32. Rb3 Rc4 33. Kg3 Rc2 34. Rb6 Re2
35. Rxc6 Rxe3+ 36. Kh2 Re2+ 37. Kg3 Ra2 38. Ra6 e3 39. Re6 e2 40. c6 e1=Q+ 41.
Rxe1 Nxe1 42. c7 Rg2+ 43. Kh4 Nf3# 0-1

[Event "FIDE World Rapid Team"]
[Site "London ENG"]
[Date "2025.06.12"]
[Round "8.2"]
[White "Degenbaev, Aziz"]
[Black "Duncan, Chris R"]
[Result "1-0"]
[WhiteTitle "FM"]
[BlackTitle "FM"]
[WhiteElo "2286"]
[BlackElo "2196"]
[WhiteTeam "Noval Group Kyrgyzstan"]
[BlackTeam "Sassy Seniors"]
[WhiteFideId "13802640"]
[BlackFideId "403091"]
[EventDate "2025.06.11"]
[EventType "team"]

1. e4 c5 2. Nf3 d6 3. d4 cxd4 4. Nxd4 Nf6 5. Nc3 Bd7 6. f3 e5 7. Nb3 a5 8. Be3
a4 9. Nd2 a3 10. b4 Be7 11. Nc4 Qc7 12. Qd2 Na6 13. Nb6 Rd8 14. Ncd5 Qb8 15.
Nxe7 Kxe7 16. Bc4 Be6 17. O-O Qc7 18. Bb3 Nb8 19. c4 Rhe8 20. Rac1 Kf8 21. Ba4
Nbd7 22. Qf2 Qb8 23. Rfd1 Kg8 24. Rc3 Re7 25. Rcd3 Nxb6 26. Bxb6 Rc8 27. Rxd6
Bxc4 28. Rd8+ Ne8 29. Qc5 Rxc5 30. Rxb8 Rc6 31. Bxc6 bxc6 32. Rdd8 1-0

[Event "FIDE World Rapid Team"]
[Site "London ENG"]
[Date "2025.06.12"]
[Round "8.3"]
[White "Vujatovic, Rajko"]
[Black "Zhakshylykov, Erzhan"]
[Result "0-1"]
[BlackTitle "IM"]
[WhiteElo "2222"]
[BlackElo "2362"]
[WhiteTeam "Sassy Seniors"]
[BlackTeam "Noval Group Kyrgyzstan"]
[WhiteFideId "403393"]
[BlackFideId "13804111"]
[EventDate "2025.06.11"]
[EventType "team"]

1. Nf3 Nf6 2. g3 d5 3. Bg2 e6 4. O-O Be7 5. d4 b5 6. a4 b4 7. c4 bxc3 8. bxc3
Ba6 9. Ba3 Nbd7 10. Nbd2 O-O 11. c4 Bxa3 12. Rxa3 Qe7 13. Rc3 c5 14. Qc2 Rab8
15. dxc5 Qxc5 16. cxd5 Qxd5 17. e4 Qa5 18. Ra1 Rfc8 19. Rxc8+ Rxc8 20. Qa2 h6
21. Bf1 Bxf1 22. Kxf1 Ne5 23. Nxe5 Qxe5 24. Re1 Rb8 25. Qc4 Rb2 26. Qd3 Ra2 27.
Nc4 Qc5 28. Re2 Rxa4 29. Qd8+ Kh7 30. Nd6 Qh5 31. h4 Qf3 32. Re1 Ra2 0-1

[Event "FIDE World Rapid Team"]
[Site "London ENG"]
[Date "2025.06.12"]
[Round "8.4"]
[White "Iunusov, Nuriddin"]
[Black "Lishoy Gengis Paratazham, Dildarav"]
[Result "1/2-1/2"]
[WhiteTitle "CM"]
[WhiteElo "1953"]
[BlackElo "2084"]
[WhiteTeam "Noval Group Kyrgyzstan"]
[BlackTeam "Sassy Seniors"]
[WhiteFideId "13803026"]
[BlackFideId "491462"]
[EventDate "2025.06.11"]
[EventType "team"]

1. e4 d6 2. d4 Nf6 3. Nc3 e5 4. Nf3 Nbd7 5. Be3 Be7 6. h3 c6 7. a4 Qc7 8. g4 d5
9. exd5 Nxd5 10. Nxd5 cxd5 11. dxe5 O-O 12. Bd4 f6 13. exf6 Bxf6 14. Be2 Nc5 15.
O-O Be6 16. Bxf6 Rxf6 17. Nd4 Bf7 18. Ra3 Kh8 19. Bf3 Qd7 20. Re3 Rf8 21. c3 Bg8
22. Rfe1 Ne6 23. Nf5 g6 24. Ng3 Ng5 25. Bg2 Qg7 26. Re7 R6f7 27. Qd4 Qxd4 28.
cxd4 Rxf2 29. Re8 R2f6 30. Rxf8 Rxf8 31. Re3 Rf4 32. Ne2 Rf6 33. h4 Ne6 34. Bxd5
Nxd4 35. Re8 Nxe2+ 36. Kh1 Rf1+ 37. Kh2 Rf2+ 38. Kh1 Rf1+ 39. Kh2 Rf2+ 40. Kh1
Rf1+ 41. Kh2 1/2-1/2